Cuenta corriente mercantil, cuenta corriente bancaria

Saved in:
Bibliografiske detaljer
Hovedforfatter: Kabas de Martorell, María Elisa (Author)
Andre forfattere: Martorell, Ernesto Eduardo (autor)
Format: Bog
Sprog:spansk
Udgivet: Buenos Aires Abeledo-Perrot 1994
Udgivelse:1a. ed
Serier:Reformas al Código Civil, 11
Fag:
Tags: Tilføj Tag
Ingen Tags, Vær først til at tagge denne postø!

MARC

LEADER 00000cam a2200000 a 4500
001 UCD4051
003 CL-VaPUC
008 160623e19940902ag |||||||||||||||||spa|d
020 |a 9502008710 
082 0 4 |a 346.8207  |b KAB  |2 21 
100 0 |a Kabas de Martorell, María Elisa  |e author  |9 587680 
700 |a Martorell, Ernesto Eduardo  |e autor  |9 587681 
245 1 0 |a Cuenta corriente mercantil, cuenta corriente bancaria 
250 |a 1a. ed 
300 |a 283 p 
942 |c BK 
945 |d 20160623 20:48:00  |a arojas 
260 |a Buenos Aires  |b Abeledo-Perrot  |c 1994 
650 0 |a Derecho civil argentino  |9 398477 
650 0 |a Código civil argentino  |9 395109 
650 7 |a CUENTA CORRIENTE BANCARIA  |2 CL-VaPUC  |9 587682 
650 7 |a CUENTA CORRIENTE MERCANTIL  |2 CL-VaPUC  |9 587683 
583 |a last modification  |c 20160623 20:48:00  |k Rodrigo Vera 
490 0 |a Reformas al Código Civil, 11 
999 |c 365024  |d 365022 
952 |0 0  |1 0  |3 erd  |4 0  |6 346_820700000000000_KAB_1994  |7 0  |8 A  |9 478716  |a BIBDER  |b BIBDER  |i 5313597  |o 346.8207 KAB 1994  |p 5313597  |r 2023-01-25  |w 2019-11-24  |y BK  |z Catalogado en:20160623  |k DER